Guess the Lake from its Towns - Statistics

General Stats
  • This quiz has been taken 146 times
  • The average score is 10 of 15
Answer Stats
Hint Explanation Answer % Correct
Cleveland, Toledo, Buffalo Ohio, Ohio, New York Erie
92%
Chicago, Milwaukee, Traverse City Illinois, Wisconsin, Michigan Michigan
88%
Baku, Makhachkala, Rasht, Aktau, Turkmenbasy Azerbaijan, Russia, Iran, Kazakhstan, Turkmenistan Caspian Sea
86%
Lausanne, Montreux, Evian Switzerland, Switzerland, France Léman (L. Geneva)
82%
Kampala, Kisumu, Mwanza Uganda, Kenya, Tanzania Victoria
82%
Lecco, Lenno, Sorico, Colico, Bellano Italy Como
80%
Suzhou, Huzhou, Wuxi, Yixing China Taihu
67%
Balloch, Balmaha, Tarbet Scotland Loch Lomond
59%
Corpus Cristi, Santa Gertrudis, Managua Nicaragua; a.k.a. Lake Managua Xolotlán
59%
Rorschach, Bregenz, Lindau Switzerland, Austria, Germany Bodensee (L. Constance)
56%
Bujumbura, Mpulungu, Uvira, Karema Burundi, Zambia, D.R. Congo, Tanzania Tanganyika
56%
Lucerne, Burgenstock, Weggis Switzerland; a.k.a. Lake Lucerne Vierwaldstättersee
56%
Nkhata Bay, Cobue, Mbamba Bay Malawi, Mozambique, Tanzania Malawi
55%
Bahir Dar, Delgi, Kunzila Ethiopia Tana
49%
Bowness, Ambleside, Storrs England Windermere
45%
No matching quizzes found
Score Distribution
Percent of People with Each Score
Percentile by Number Answered
Your Score History
You have not taken this quiz